000 00606nam a22001697a 4500
082 _a297.4
_bGUR
_cL-31,P-21.
100 1 _aMallik, Gurdial.
_937411
245 1 0 _aDivine dwellers in the desert
_cGurdial Mallik.
260 _aBombay :
_bNalanda Publications,
_cc1949.
300 _a80 p. ;
_c21 cm.
500 _aMaster microform held by: ICRL.
520 _aBased on lectures delivered during 1932-33 at Visvabharati, Santiniketan, on the mystics of Sindh, Pakistan.
526 _a0
_b0
_c0
_d297_400000000000000_GUR
650 0 _aMCE
_9379
650 0 _aSufism
_zPakistan
_zSindh.
_937412
942 _2ddc
_cBK
999 _c542279
_d542279